000 00863nam a2200265 a 4500
001 73546
003 BD-RjUL
005 20211209082417.0
008 170603s1966 caua b 001 0 engm
035 _a(BD-RjUL)73764
040 _aDLC
_cOSU
_dSER
_dm.c.
_dMYG
_dBD-RjUL
_beng
041 _aeng
082 _223
_a636.082
_bINT 1966
245 1 0 _aIntroduction to livestock production including dairy and poultry /
_cH. H. Cole, editor.
250 _a2d ed.
260 _aSan Francisco :
_bW. H. Freeman,
_cc1966.
300 _axii, 827 p. :
_bill. ;
_c25 cm.
490 1 _aSeries of books in agricultural science. Animal science
500 _aIncludes index.
650 0 _aLivestock.
_9217618
650 0 _aAnimal industry.
_9217619
700 _aCole, H. H.
_qEditor.
_9217620
830 0 _aSeries of books in agricultural science.
_9217845
942 _2ddc
_cBK
999 _c73546
_d73546